00461nam a2200145Ia 4500003000400000008004100004040001600045082001900061100002600080245011700106260004900223300001000272650001600282650001700298GCL140319s9999 xx 000 0 eng d aGCL / cGCL04a327.42056bS T1 aSILVER, DANIEL JEREMY10aTHE TWILIGHT OF BRITISH ASCENANCY IN THE MIDDLE EAST: A CASE STUDY OF IRAQ 1941 - 1950 / cSILVER, DANIEL JEREMY a[S.N] : bTHE MACMILLAN PRESS LTD. ، c1994 a306 P04aMIDDLE EAST04aANGLO - IRAQ